MARC

LEADER 00000nas1a2200000 4500
001 380220
005 20231101062643.0
011 |a 0430-6252 
035 |a (RuTPU)RU\TPU\prd\1024 
035 |a BOOK00001025 
090 |a 380220 
100 |a 20011210a19651992k y0 y50 ca 
101 0 |a rus 
102 |a RU 
110 |a agaz|||0uu0 
200 1 |a Физико-химическая механика материалов  |e научно-технический журнал  |f Академия наук Украинской ССР (АН УССР), Физико-механический институт (ФМИ) 
210 |a Львов  |c Наукова думка  |d 1969-1992 
305 |a Издается с 1965 г. 
326 |a 6 раз в год 
610 1 |a материаловедение 
610 1 |a физическое материаловедение 
610 1 |a химическая механика 
610 1 |a механика 
712 0 2 |a Академия наук Украинской ССР (АН УССР)  |b Физико-механический институт (ФМИ)  |c (Львов)  |2 stltpush  |3 (RuTPU)RU\TPU\col\1181 
801 0 |a RU  |b 63413507  |c 20011210  |g PSBO 
801 2 |a RU  |b 63413507  |c 20180119  |g RCR 
942 |c CR